| 000 | 00578nam a2200181 4500 | ||
|---|---|---|---|
| 001 | 113326 | ||
| 003 | ES-MaACL | ||
| 007 | t| | ||
| 008 | 061121s1977 sp r ||||1| spa d | ||
| 100 | 1 |
_aNinyoles, Rafael L. _985754 |
|
| 245 | 1 | 0 |
_aCuatro idiomas para un estado _b: ( el castellano y los conflictos lingüísticos en la España periférica) / _cRafael L. Ninyoles. |
| 260 |
_aMadrid : _bCambio 16, _c1977. |
||
| 300 |
_a258 p. ; _c20 cm. |
||
| 490 | 1 | _aEspaña viva | |
| 830 | 0 |
_aEspaña viva _9180467 |
|
| 852 |
_aES-MaACL _jL-7166 _bR.107999 |
||
| 999 |
_c113326 _d113326 |
||